000 00544nam a2200193 i 4500
001 29797
003 ES-MaACL
005 20250807081257.0
007 t|
008 030123s1876 sp ||||1| spa d
100 1 _aBas y Cortés, Vicente.
_926232
245 1 3 _aEl casamiento
_b: (estudio) /
_cpor Vicente Bas y Cortés.
260 _aMadrid :
_bT. Fortanet,
_c1876.
300 _a285 p. ;
_c21 cm.
650 0 7 _aMatrimonio
_2embne
_914855
852 _aES-MaACL
_jB-5661
852 _aES-MaACL
_jG-12275
999 _c29797
_d29797